Evaluación de la administración de las bandas de frecuencia del espectro radioeléctrico asignadas a telefonía móvil y radio difusión sonora en el Gran Área Metropolitana

محفوظ في:
التفاصيل البيبلوغرافية
المؤلف الرئيسي: Chaves Sánchez, Luis Elías, 1984-
مؤلفون آخرون: Guzmán Fernández, Juan Pablo, Willink Castro, Teodoro, 1986- Director del TFG
التنسيق: كتاب
اللغة:Spanish
منشور في: [San José, Costa Rica] 2015
الموضوعات:
الوسوم: إضافة وسم
لا توجد وسوم, كن أول من يضع وسما على هذه التسجيلة!

MARC

LEADER 00000nam a22000007a 4500
003 012437
005 20230912091914.0
008 160804b2015 cr a|||| |||| 00| ||spa d
040 |c cru CEDI  
090 |a TFG 7595 
100 |9 1464  |a Chaves Sánchez, Luis Elías, 1984- 
245 |a Evaluación de la administración de las bandas de frecuencia del espectro radioeléctrico asignadas a telefonía móvil y radio difusión sonora en el Gran Área Metropolitana  
260 |a  [San José, Costa Rica]  |c 2015 
300 |a xvii, 198 hojas; ilustraciones a color 
500 |a Proyecto de graduación (licenciatura en ingeniería eléctrica)--Universidad de Costa Rica. Facultad de Ingeniería. Escuela de Ingeniería Eléctrica 
501 |a Director de Proyecto de Graduación: Ing. Teodoro Willink Castro 
650 |x ASIGNACION DE RADIOFRECUENCIAS - EVALUACION - GRAN AREA METROPOLITANA (COSTA RICA)  |x ASIGNACION DE RADIOFRECUENCIAS - ADMINISTRACION - GRAN AREA METROPOLITANA (COSTA RICA)  |x TELEFONIA CELULAR - COSTA RICA  |x RADIODIFUSION - COSTA RICA  |x ASIGNACION DE RADIOFRECUENCIAS - ASPECTOS LEGALES - COSTA RICA  |x CAMPOS ELECTROMAGNETICOS - MEDICIONES - COSTA RICA  |x ESPECTROS DE FRECUENCIA - MEDICIONES - GRAN AREA METROPOLITANA (COSTA RICA)  |9 5268 
700 |9 5269  |a Guzmán Fernández, Juan Pablo  
700 |9 1465  |a Willink Castro, Teodoro, 1986-  |d Director del TFG  
942 |c CEDI 
999 |c 17018  |d 17018